| Поле | Название | Значение |
| |
Тип записи |
a |
| |
Библиографический уровень |
m |
| 001 |
Контрольный номер |
0efc5bb8f41243beaa8050ff0076bcea |
| 005 |
Дата корректировки |
20231109165045.9 |
| 010 |
Индекс ISBN |
__ |
| a |
ISBN |
978-5-389-14352-4 |
| b |
Уточнения |
в пер. |
| 100 |
Данные общей обработки |
__ |
| a |
Данные общей обработки |
20231108d 0rusy0189## ca |
| 101 |
Язык документа |
0_ |
| a |
Язык текста |
rus |
| 102 |
Страна публикации |
__ |
| a |
Страна публикации |
RU |
| 200 |
Заглавие и сведения об ответственности |
1_ |
| a |
Заглавие |
Иллюстрированная история орнитологии |
| d |
Параллельное заглавие |
The wisdom of birds |
| f |
Первые сведения об ответственности |
Тим Беркхед |
| f |
Первые сведения об ответственности |
пер. с англ. Светланы Левензон |
| 210 |
Выходные данные |
1_ |
| a |
Место издания |
Москва |
| c |
Издательство |
КоЛибри |
| c |
Издательство |
Азбука-Аттикус |
| d |
Дата издания |
2020 |
| 215 |
Физическое описание |
__ |
| a |
Объем |
396, [4] с. |
| c |
Иллюстрации/тип воспроизводства |
цв. ил. |
| 300 |
Общие примечания |
__ |
| a |
Общие примечания |
Имен. указ.: с. 394-397 |
| 320 |
Библиография |
__ |
| a |
Библиография |
Библиогр.: с. 371-385 и в подстроч. примеч. |
| 333 |
Примечание о целевом назначении |
__ |
| a |
Примечание о целевом назначении |
16+ |
| 606 |
Тематические рубрики |
0_ |
| a |
Основная рубрика |
Птицы. Орнитология |
| 610 |
Ключевые слова |
0_ |
| a |
Ключевые слова |
орнитология; история орнитологии; иллюстрированные книги; птицы; жизнь птиц; птенцы; миграции птиц; места обитания; размножение птиц; пение птиц |
| 686 |
Индексы других классификаций |
__ |
| a |
Классификационный индекс |
28.693.35 |
| 700 |
Автор |
_1 |
| a |
Фамилия |
Беркхед |
| b |
Имя (инициалы) |
Т. |
| g |
Полное личное имя |
Тим |
| 801 |
Источник записи |
_0 |
| a |
Страна |
RU |
| b |
Организация |
УОБДЮ |
| c |
Дата составления |
20231108 |
| g |
Правила каталогизации |
RCR |
| 801 |
Источник записи |
_1 |
| a |
Страна |
RU |
| b |
Организация |
УОБДЮ |
| c |
Дата составления |
20231108 |
| g |
Правила каталогизации |
RCR |
| 852 |
Данные о местонахождении |
__ |
| i |
Авторский знак |
Б 48 |
| j |
Шифр хранения |
28.693.3 |
| 900 |
Электронные ресурсы |
__ |
| a |
Имя электронного ресурса |
587181д |
| 901 |
Тип документа |
__ |
| t |
Тип документа |
m |
| 905 |
Данные по созданию БЗ |
__ |
| b |
Логин пользователя, который создал БЗ |
imm |
| b |
Логин пользователя, который создал БЗ |
r8 |
| a |
Дата создания БЗ |
202311 |